Statistiques concernant Focus sur: Gellert Grindelwald - Harry Potter

Cliquez ici pour prendre le quiz!

Statistiques générales

  • Ce quiz a été pris 250 fois
  • Le résultat moyen est 6 sur 9

Statistiques - réponses

Informations recherchéesRéponses% Correct
Statut du sangSang-Pur
99%
Couleur des cheveuxBlond
85%
Ecole fréquentéeDurmstrang
81%
Première mentionHarry Potter à l'école des sorciers
76%
Acteur l'interprétant dans les films (Animaux Fantastiques)Johnny Depp
67%
Bois de la baguette (temporaire)Sureau
65%
Grande-tanteBathilda Tourdesac
54%
Intérieur de la baguette (temporaire)Crin de Sombral
54%
Acteur l'interprétant dans les films (Harry Potter)Michael Byrne
14%

Distribution des résultats

Percentile par nombre de réponses

% des personnes avec chaque résultat

Votre développement - résultats

Vous n’avez pas pris ce quiz